000 00205 a2200097 4500
001 17457
100 _aBeals
245 _aAdvanced mathematical analysis
260 _a
_bSpringer
_c
090 _c12898
_d12898
942 _aNUST-CAE
_cM
_c3222
999 _c252530
_d252530